000
00252nam a2200097Ia 4500
001
653738
005
20250826154504.0
008
250824s9999 xx 000 0 und d
245
0
_a
2 MİNİK EJDERHA
_c
PHİLİPPA GREGORY
260
_b
GÜNIŞIĞI YAYINLARI
999
_c
653738
_d
653738